Analyser le discours de presse (notice n° 1566256)
[ vue normale ]
| 000 -LEADER | |
|---|---|
| fixed length control field | 01243cam a2200133 4500500 |
| 005 - DATE AND TIME OF LATEST TRANSACTION | |
| control field | 20251214001516.0 |
| 041 ## - LANGUAGE CODE | |
| Language code of text/sound track or separate title | fre |
| 042 ## - AUTHENTICATION CODE | |
| Authentication code | dc |
| 100 10 - MAIN ENTRY--PERSONAL NAME | |
| Personal name | Ringoot, Roselyne |
| Relator term | author |
| 245 00 - TITLE STATEMENT | |
| Title | Analyser le discours de presse |
| 260 ## - PUBLICATION, DISTRIBUTION, ETC. | |
| Name of publisher, distributor, etc. | Armand Colin,<br/> |
| Date of publication, distribution, etc. | 2014.<br/> |
| 520 ## - SUMMARY, ETC. | |
| Summary, etc. | Cet ouvrage donne les clés nécessaires aux étudiants pour analyser la presse imprimée et la presse numérique, en s’attachant à définir des concepts, des méthodes et des matériaux à mettre en œuvre. Le fil conducteur est celui des identités discursives : identité éditoriale du journal, normes de l’écriture journalistique, genres journalistiques, interdiscours, genre de journalisme, type de récit, discours professionnel. Sa spécificité tient à ce qu’il met en regard les énoncés journalistiques et les scènes discursives qui régissent l’engendrement de l’information. Au fil des cinq chapitres, l’auteur développe, tour à tour, le cadre théorique de l’analyse de discours, la construction de l’information, l’écriture journalistique, le discours des sources et le renouvellement éditorial. |
| 856 41 - ELECTRONIC LOCATION AND ACCESS | |
| Uniform Resource Identifier | <a href="https://shs.cairn.info/analyser-le-discours-de-presse--9782200288549?lang=fr&redirect-ssocas=7080">https://shs.cairn.info/analyser-le-discours-de-presse--9782200288549?lang=fr&redirect-ssocas=7080</a> |
Pas d'exemplaire disponible.




Réseaux sociaux